Modern-Day Countries of the Roman Republic on a Map - Statistics

General Stats
  • This quiz has been taken 1,468 times
  • The average score is 34 of 35
Answers on the Map
Answers color-coded by a green-red scale on the quiz's map according to % correct below.
 
Answer Stats
Country % Correct
France
100%
Italy
100%
Spain
100%
Belgium
99%
Egypt
99%
Germany
99%
Greece
99%
Netherlands
99%
Portugal
99%
Turkey
99%
Croatia
98%
Luxembourg
98%
Switzerland
98%
Vatican City
98%
Albania
97%
Algeria
97%
Andorra
97%
Austria
97%
Bosnia and Herzegovina
97%
Cyprus
97%
Libya
97%
Monaco
97%
North Macedonia
97%
San Marino
97%
Tunisia
97%
Bulgaria
96%
Israel
96%
Lebanon
96%
Liechtenstein
96%
Malta
96%
Montenegro
96%
Serbia
96%
Slovenia
96%
Syria
96%
Kosovo
94%
No matching quizzes found
Score Distribution
Percent of People with Each Score
Percentile by Number Answered
Your Score History
You have not taken this quiz